000 01098nam a2200277 i 4500
003 DO-SdBNP
005 20240704144451.0
006 a||||gr|||| 00| 0
007 ta
008 240704e2024 dr ac||| |||| 00| 0 spa d
020 _a9789945654288
040 _aDO-SdBNP
_bspa
_cBNPHU
_erda
082 4 _222
_bR696d
100 1 _aRodríguez Vidal, Bernardo,
_d1971-
_eautor
_985957
245 1 0 _aDictámenes para un sistema nacional de gestión integral de riesgo de desastres /
_cBernardo Rodríguez Vidal; prólogo, Marco Antonio Giraldo Rincón.
246 1 4 _aDictámenes para un sistema nacional de gestión integral de riesgos de desastres.
264 1 _aSanto Domingo :
_bEditorial Santuario,
_c2024
300 _a367 páginas :
_bilustraciones, retratos ;
_c23 cm.
336 _2rdacontent
_atexto
_btxt
337 _2rdamedia
_asin mediación
_bn
338 _2rdacarrir
_avolumen
_bnc
500 _aIncluye datos biográficos del autor en las solapas de las cubiertas.
590 _aInventariado 2024 / MF
700 1 _aGiraldo Rincón, Marco Antonio,
_eprólogo
_985959
942 _2ddc
_cLBS1
999 _c57176
_d57176